000 00247nam a22000977a 4500
999 _c11790
_d11790
008 200217b ||||| |||| 00| 0 eng d
020 _a0790102811
100 _aParker John
_97473
245 _aLook Out for Your Tail
260 _aNew Zealand
_bShortland